MARC

LEADER 00000nam0a2200000 4500
001 244374
005 20231101232038.0
010 |b 1100 экз. 
035 |a (RuTPU)RU\TPU\book\265757 
090 |a 244374 
100 |a 20131022d1933 m y0rusy50 ca 
101 0 |a rus 
102 |a RU 
105 |a af z 001zy 
200 1 |a Методы исследования и опробования жидких полезных ископаемых  |f под общей ред. П. И. Бутова, В. М. Крейтер , П. М. Татаринова и Н. И. Трушкова 
210 |a Ленинград  |c Георазведиздат  |d 1933  |a Москва 
215 |a 382 с.  |c ил. 
317 |5 63413507: 179437  |a Поступила в НТБ в 1940 г. в составе книжного собрания академика М. А. Усова. 
320 |a Библиогр.: с. 381-382. 
610 1 |a библиотека М. А. Усова 
610 1 |a гидрогеология 
610 1 |a методы исследования 
610 1 |a опробование 
675 |a 556.3.02  |v 3 
675 |a 622.7.09  |v 3 
702 1 |a Бутов  |b П. И.  |c российский геолог  |c профессор Ленинградского горного института  |f 1882-1939  |g Павел Ильич  |2 stltpush  |3 (RuTPU)RU\TPU\pers\17663  |4 340  |9 6548 
702 1 |a Крейтер  |b В. М.  |4 340 
702 1 |a Татаринов  |b П. М.  |c российский геолог  |c член-корреспондент АН СССР  |f 1895-1976  |g Павел Михайлович  |2 stltpush  |3 (RuTPU)RU\TPU\pers\29777  |4 340  |9 14254 
702 1 |a Трушков  |b Н. И.  |c российский геолог  |c профессор ТТИ по кафедре горного искусства  |f 1876-1947  |g Николай Ильич  |2 stltpush  |3 (RuTPU)RU\TPU\pers\21919  |4 340  |9 9255 
801 1 |a RU  |b 63413507  |c 20131022 
801 2 |a RU  |b 63413507  |c 20131022  |g RCR 
942 |c BK